| 000 | 00702pam a2200241 a 4500 | ||
|---|---|---|---|
| 001 | 9110 | ||
| 003 | BD-RjUL | ||
| 005 | 20211208234722.0 | ||
| 008 | 140120s1988 nyua bf 001 0 eng | ||
| 020 | _a081601924X | ||
| 035 | _a(BD-RjUL)9155 | ||
| 040 |
_aDLC _cDLC _dDLC _dBD-RjUL _beng |
||
| 041 | _aeng | ||
| 082 | 0 | 0 |
_a333.7924 _219 _bWOR 1988 |
| 245 | 0 | 4 | _aThe World nuclear handbook |
| 250 | _a1st ed. | ||
| 260 |
_aNew York, N.Y. : _bFacts on File Publications, _cc1988. |
||
| 300 |
_axv, 228 p. : _bill. ; _c26 cm. |
||
| 504 | _aIncludes bibliographical references and index. | ||
| 650 | 0 |
_aNuclear industry _xHandbooks, manuals, etc. _928286 |
|
| 942 |
_2ddc _cBK |
||
| 999 |
_c9110 _d9110 |
||